000 01591nam0a22003131 4500
001 rc\2202269
005 20260306112135.0
035 _a(NLR Aleph) 006541638
090 _a6643031
_c6643031
100 _a20110826d1978 u y0rusy50 ca
101 0 _arus
102 _aRU
105 _ay z |||||
200 1 _aТезисы докладов всесоюзного совещания "Основные направления в области конструирования и производства мягкой мебели", (г. Таллин, 23-25 окт.)
210 _aМосква
_cМинлеспром СССР
_d1978
215 _a107 с.
_d20
300 _aВ надзаг.: НТО бум. и деревообраб. пром-сти, Центр. и Эст. правл., М-во лесн. и деревообраб. пром-сти СССР
606 _aМебель мягкая
_jТезисы докладов
_xПроизводство
_2psbo
606 _aМебель мягкая
_jТезисы докладов
_xКонструкция и расчет
_2psbo
686 _aМ134.133я431(2)
_2rubbk
710 1 2 _a"Основные направления в области конструирования и производства мягкой мебели", всесоюзное совещание
_eТаллин
_f1978
_9696219
_3RU\NLR\AUTH\8810097576
801 0 _aRU
_bNLR
_gpsbo
801 1 _aRU
_bELAR
_2rusmarc
852 _aNLR
_j79-4/328
899 _aRuMoRGB
_jБ 78-25/1351
899 _aRuMoRGB
_jБ 78-25/1352
942 _cUNSPEC
980 _aNB